000
00236nam a22000977a 4500
003
SGT
245
_a
(Journal of Indian Society of Pedodontics and Preventive Dentistry JISPPD)
260
_c
2005,2008
300
_a
180,202
942
_2
ddc
_c
BV
999
_c
30227
_d
30227